Penyelesaian Masalah Linux : Lebih kurang 400 teknik pengaplikasian

Bibliographic Details
Main Author: Feng, Shi Chang
Format: Book
Language:Malay
Published: Taiwan : Kings Information , c2004
Subjects:

MARC

LEADER 00000cam a2200000 7i4500
001 0000021727
005 20230512.0
008 080623 my may
020 |a 986125157x (pbk) 
040 |a INS 
090 0 0 |a QA76.76.O63   |b F332 2004 
100 1 |a Feng, Shi Chang 
245 1 0 |a Penyelesaian Masalah Linux :   |b Lebih kurang 400 teknik pengaplikasian   |c Feng Shi Chang 
260 |a Taiwan :   |b Kings Information ,   |c c2004 
300 |a various pagings :   |b ill. ;   |c 23cm. 
650 0 |a Linux 
650 0 |a Operating systems (Computers) 
999 |a 0000020258   |b BOOK   |c Open Shelf   |e Default branch